Normal view MARC view

Entry Topical Term

Number of records used in: 1

001 - CONTROL NUMBER

  • control field: 22146

003 - CONTROL NUMBER IDENTIFIER

  • control field: ENAL

005 - DATE AND TIME OF LATEST TRANSACTION

  • control field: 20181024103204.0

008 - FIXED-LENGTH DATA ELEMENTS

  • fixed length control field: 181024|| aca||aabn | a|a d

040 ## - CATALOGING SOURCE

  • Original cataloging agency: ENAL
  • Transcribing agency: ENAL

150 ## - HEADING--TOPICAL TERM

  • Topical term or geographic name entry element: Broilers (Chickens
  • General subdivision: Housing

670 ## - SOURCE DATA FOUND

  • Source citation: Work cat.: (ENAL)63195: Ghoname, M. s· 19590, Performance evaluation for local manufactured heating system for heating broiler house /

Home | About ENAL | Collections | Services | Activities | Calendar | Contact us

7 Nadi El Sayed St., Giza, Egypt | Phone:02-33351121 +02-33351313 | 
| Email: enalegypt@gmail.com